Statistics for Flags of Europe: Special Edition

Click here to take the quiz!

General Stats

  • This quiz has been taken 31 times
  • The average score is 51 of 80

Answer Stats

Answer% Correct
Austria
100%
Denmark
100%
Norway
100%
Poland
100%
Switzerland
100%
Croatia
94%
France
94%
Iceland
94%
Netherlands
94%
Sweden
94%
Ukraine
94%
United Kingdom
94%
Albania
90%
Belgium
90%
Czechia
90%
Germany
90%
Greece
90%
Ireland
90%
Italy
90%
Monaco
90%
Portugal
90%
Slovakia
90%
Slovenia
90%
Spain
90%
Bosnia and Herzegovina
87%
Finland
87%
Hungary
87%
Latvia
87%
Luxembourg
87%
Romania
87%
Scotland
87%
Vatican
87%
Wales
87%
Belarus
84%
Bulgaria
84%
England
84%
Estonia
84%
Isle of Man
84%
Macedonia
84%
Serbia
84%
Andorra
81%
Kosovo
81%
Liechtenstein
81%
Lithuania
81%
Malta
81%
Moldova
81%
Montenegro
81%
San Marino
81%
Faroe Islands
74%
Catalonia
65%
Gibraltar
61%
Aland Islands
58%
Corsica
58%
Northern Ireland
58%
Jersey
55%
Guernsey
52%
Sardinia
48%
Sicily
48%
Basque Country
45%
Transnistria
45%
Venice
35%
Sealand
29%
Crimea
23%
Shetland Islands
19%
Galicia
13%
Orkney
13%
Liberland
10%
Vojvodina
6%
Christiania
3%
Enclava
3%
Gagauzia
3%
Ladonia
3%
Ongal
3%
Rose Island
3%
Saugeais
3%
Seborga
3%
Tavolara
3%
Torgu
3%
Talossa
0%
Vevcani
0%

Score Distribution

Percentile by Number Answered

Percent of People with Each Score

Your Score History

You have not taken this quiz